| 000 -LEADER |
| fixed length control field |
00503nam a22001577a 4500 |
| 008 - FIXED-LENGTH DATA ELEMENTS--GENERAL INFORMATION |
| fixed length control field |
131008b xxu||||| |||| 00| 0 alb d |
| 020 ## - INTERNATIONAL STANDARD BOOK NUMBER |
| International Standard Book Number |
9789951574167 |
| 041 0# - LANGUAGE CODE |
| Language code of text/sound track or separate title |
alb |
| 080 ## - UNIVERSAL DECIMAL CLASSIFICATION NUMBER |
| Universal Decimal Classification number |
006 |
| Common auxiliary subdivision |
(496.51) |
| 245 10 - TITLE STATEMENT |
| Title |
Katalogu i Standardeve Kosovare 2011. / |
| 260 ## - |
| -- |
Prishtinë, : |
| -- |
Ministria e Tregtisë dhe Industrisë ; |
| -- |
2011 |
| 300 ## - |
| -- |
533 f, : |
| -- |
20 cm. |
| 500 ## - |
| -- |
Të dhënat nga kopertina |
| 650 #0 - |
| -- |
Standardet |
| -- |
Katalogët |
| -- |
Kosovë |
| 942 ## - ADDED ENTRY ELEMENTS (KOHA) |
| Source of classification or shelving scheme |
|
| Item type |
Books |